| 000 | 01077cam a2200301 a 4500 | ||
|---|---|---|---|
| 001 | 000006413 | ||
| 005 | 20200929153928.0 | ||
| 008 | 920302s1990 mx b 001 0 spa | ||
| 020 | _a9688952265 | ||
| 040 |
_aDO-SdBNP _cDLC |
||
| 082 |
_aM860.4 _bB592n |
||
| 100 | 1 |
_aBigas Torres, Sylvia. _917821 |
|
| 245 | 1 | 3 |
_aLa narrativa indigenista mexicana del siglo XX / _cSylvia Bigas Torres. |
| 260 |
_aGuadalajara : _bUniversidad de Guadalajara , _aRío Piedras, Puerto Rico : _bUniversidad de Puerto Rico, _c1990. |
||
| 300 |
_a488 p. ; _c23 cm. |
||
| 490 | 1 | _aFin de Milenio | |
| 490 | 1 | _aFundamentos | |
| 504 | _aBibliografías (p. 473-488). | ||
| 650 | 4 |
_aNovela mexicana _ySIGLO XIX _917822 |
|
| 650 | 4 |
_aNovela mexicana _ySIGLO XX _xHistoria y crítica _917823 |
|
| 650 | 4 |
_aIndigenas en la literatura _913726 |
|
| 650 | 4 |
_aLiteratura indigena _ySIGLO XIX _917824 |
|
| 650 | 4 |
_aLiteratura indigena _ySIGLO XX _917825 |
|
| 650 | 4 |
_aLiteratura y sociedad _98111 |
|
| 830 | 0 |
_aFin de Milenio _917826 |
|
| 830 | 0 |
_aFundamentos _917827 |
|
| 910 | _aCatalogación por copia / LC | ||
| 999 |
_c6208 _d6208 |
||